Top 15 Memphis Grizzlies players of all-time - Statistics

General Stats
  • This quiz has been taken 18 times
  • The average score is 10 of 15
Answer Stats
Pos/Placement Answer % Correct
PG #3 Ja Morant
100%
C #1 Marc Gasol
100%
C #2 Pau Gasol
100%
PG #4 Mike Conley
94%
PF #15 Jaren Jackson Jr
88%
SG #7 Tony Allen
88%
PF #5 Zach Randolph
88%
PG #11 Jason Williams
63%
SG #8 Mike Miller
63%
SF #9 Rudy Gay
63%
SF #6 Shareef Abdur-Rahim
56%
SF #10 Shane Battier
50%
SG #13 OJ Mayo
38%
PF #12 Lorenzen Wright
31%
SF #14 James Posey
0%
No matching quizzes found
Score Distribution
Percent of People with Each Score
Percentile by Number Answered
Your Score History
You have not taken this quiz